000 00637nam a2200241Ia 4500
003 OSt
005 20221007081507.0
006 a|||||r|||| 00| 0
007 ta
008 221006b |||||||| |||| 00| 0 eng d
024 _a26,467
037 _cTextual
040 _aFLL
_cFLL
_beng
041 _2eng
_aeng
082 _aZ:5:Z73y7, K8
100 _aFarnsworth E. Allan
_9684331
245 0 _aCommercial law
250 _a2nd
260 _aNew York
_bThe Foundation Press, Inc. New
_c1968
300 _axxvii,1-1216p
_ccm.
942 _hZ:5:Z73y7, K8
_cTEXL
_2CC
999 _c1163239
_d1163239